Food security and climate change / (Record no. 585973)
[ view plain ]
| 000 -LEADER | |
|---|---|
| fixed length control field | 00662cam a22001938i 4500 |
| 020 ## - INTERNATIONAL STANDARD BOOK NUMBER | |
| International Standard Book Number | 9781119180647 (cloth) |
| 082 00 - DEWEY DECIMAL CLASSIFICATION NUMBER | |
| Classification number | 630.2/515 |
| 245 00 - TITLE STATEMENT | |
| Title | Food security and climate change / |
| Statement of responsibility, etc. | edited by Shyam S. Yadav, Robert John Redden, Jerry L. Hatfield, Andreas W. Ebert. |
| 250 ## - EDITION STATEMENT | |
| Edition statement | First edition. |
| 300 ## - PHYSICAL DESCRIPTION | |
| Extent | pages cm |
| 504 ## - BIBLIOGRAPHY, ETC. NOTE | |
| Bibliography, etc. note | Includes bibliographical references and index. |
| 650 #0 - SUBJECT ADDED ENTRY--TOPICAL TERM | |
| Topical term or geographic name entry element | Crops and climate. |
| 650 #0 - SUBJECT ADDED ENTRY--TOPICAL TERM | |
| Topical term or geographic name entry element | Food security |
| 700 1# - ADDED ENTRY--PERSONAL NAME | |
| Personal name | Yadav, S. S. |
| 942 ## - ADDED ENTRY ELEMENTS (KOHA) | |
| Source of classification or shelving scheme | |
| Koha item type | Book |
| 650 #0 - SUBJECT ADDED ENTRY--TOPICAL TERM | |
| -- | 81031 |
| 650 #0 - SUBJECT ADDED ENTRY--TOPICAL TERM | |
| -- | 81032 |
| 700 1# - ADDED ENTRY--PERSONAL NAME | |
| -- | 81033 |
| Withdrawn status | Lost status | Source of classification or shelving scheme | Damaged status | Not for loan | Permanent Location | Current Location | Date acquired | Total Checkouts | Full call number | Barcode | Date last seen | Price effective from | Koha item type |
|---|---|---|---|---|---|---|---|---|---|---|---|---|---|
| Central Library (CL) | Central Library (CL) | 07/19/2021 | 630.2/515 YAD | CL-560 | 08/24/2021 | 07/19/2021 | Book |
